| 000 | 01319nam a22002897a 4500 | ||
|---|---|---|---|
| 003 | OSt | ||
| 005 | 20230608141047.0 | ||
| 007 | cr ||||||a|c|a | ||
| 008 | 230220s2021 mx ||||fom||| 001 0 spa d | ||
| 040 | _erda | ||
| 100 | 1 |
_9186052 _aAscención Gómez, Vicente |
|
| 245 | 1 |
_aAgua electrolizada y trehaelosa en poscosecha de tallos de dos variedades de rosa ( Freedom y Pink Floyd) / _cpor Vicente Ascención Gómez y Maria Celeste Villaseñor Vazquez; director de tesis María Teresa Colinas León / |
|
| 264 | 1 |
_aChapingo, México : _bEl autor, _c2021. |
|
| 300 | _a1 recurso en línea (76 páginas). | ||
| 336 |
_2rdacontent _atexto _btxt |
||
| 337 |
_2rdamedia _acomputadora _bc |
||
| 338 |
_2rdacarrier _arecurso en línea _bcr |
||
| 502 |
_bIAEF _cFitotecnia _d2021. _gLIC |
||
| 504 | _aIncluye referencias bibliográficas: páginas 45-52 | ||
| 650 | 2 |
_999984 _aRosas _xPreservación |
|
| 650 | 2 |
_9186211 _aRosas _xFisiología postcosecha |
|
| 650 | 2 |
_9186210 _aRosas _xConservación _xPostcosecha |
|
| 700 | 0 |
_925184 _aColinas León, María Teresa _eDirector de tesis |
|
| 700 | 1 |
_9186053 _aVillaseñor Vazquez, Maria Celeste |
|
| 856 |
_uhttp://10.13.5.2/tesis/tl/2021_FI_Ascencion_Gomez_Vicente-Villasenor_Vazquez_MariaCeleste.pdf _zDESCARGAR PDF |
||
| 942 |
_2Clasificación Universidad Autónoma Chapingo _cTD |
||
| 999 |
_c218418 _d218418 |
||